Дело о высылке из России по секретному предписанию учителя Ревельской гимназии французского подданного Кастера де Терзака за "во...

Доступно только в Электронных читальных залах Найти на картеНа карте
RUSMARC
00004359nmc2a2200000 x 450
001985b40f2-ff22-40fa-b4a3-c9beafe86a9b
00520170414170720.0
100##$a20140606l18481848k l0rusy0189 ca
1010#$arus
102##$aRU
2001#$aДело о высылке из России по секретному предписанию учителя Ревельской гимназии французского подданного Кастера де Терзака за "вольнодумство"
$j6 апреля - 25 мая 1848 г.
251##$cДело
300##$aДело
300##$aОриг. заголовок дела: Дело относительно поведения учителя Ревельской гимназии, французского подданного Кастер-де-Терзака, и об увольнении его из учебного ведомства по высочайшему повелению. 6 апреля 1848 г. - 25 мая 1848 г
801#0$aRU
$bРГИА
$c20140606
$gRCR
801#1$aRU
$bГлавНИВЦ
$c20140606
$2rusmarc
801#2$aRU
$bПБ им. Б.Н. Ельцина
$c20170414
$gRCR
$2rusmarc
850##$aРГИА
852##$aРГИА
$eФедеральное казенное учреждение "Российский государственный исторический архив" (РГИА)
$j317
937##$hРГИА
$d11175129
$aASBIBLIO_SCAN
462#0$1001fe4edb2a-8658-4269-9710-afcb460e1db3
$12001
$aДела Департамента народного просвещения по Дерптскому учебному округу за 1837-1862 гг.
$1251
$cОпись
$1852
$j57
461#0$1001a74412a3-3cc5-4d21-8f0a-dfe2fbd9e72d
$12001
$aДепартамент народного просвещения Министерства народного просвещения (1803-1917)
$1251
$cФонд
$1852
$j733
215##$a24 л.
$d36,5х26 см
371##$aДокумент не является опубликованным и широко распространяемым
105##$ay###
1222#$ad
5171#$aДело относительно поведения учителя Ревельской гимназии, французского подданного Кастер-де-Терзака, и об увольнении его из учебного ведомства по высочайшему повелению. 6 апреля 1848 г. - 25 мая 1848 г.
035##$a985b40f2-ff22-40fa-b4a3-c9beafe86a9b
856##$uhttp://readingroom.main.prlib.ru/item.aspx?id_node=n96990951&mode=full
Формат отображения